000 00479nam a2200181Ia 4500
001 22755
005 20260414150852.0
008 260414t2010||||xx |||||||||||||| ||spa||
041 _aESP
082 _a621.47
_bF39
100 _aFernández Salgado, José Mª
_eAUT
245 0 _aCompendio de energía solar :
_bfotovoltaica, térmica y termoeléctrica
260 _c2010
300 _a542 páginas :
_c26 cm.
650 _aTCA
654 _aCET
942 _cLIB
_dJUS
_fJUS
_2ddc
_n
999 _c22755
_d22755